00756nam a22002057a 450000500170000001000150001702000260003203500130005803700130007108200120008410000430009624500730013926000360021227000640024830000200031250000500033294200260038299900170040895201250042520140305120126.0 aENG-108767 c695.00a9789380164618 aEN-92300 bDBAD/PUB a320.954 aAshtagi, Chandrakant Devappa Shivakeri alssues and problems in Indian politics /cby C. D. Shivakeri Ashtagi aDelhibA. K. Publicationsc2012 aB-61/E-1, Gali No.14, Jagatpuri Ext. ShahdrabDelhie110093 a248p.c22cm(Hb) aIncludes bibliographical references and index 2ddccENmASHh320.954 c81147d81147 001040718NFICaDBADbDBADd2013-12-16eDBAD/PUBg695.00l0o320.954 ASHpEN-92300r2013-12-16 00:00:00t1v695.00yEN